000 00670nam a22002057a 4500
999 _c7067
_d7067
003 AR-CdUCM
008 190319b ||||| |||| 00| 0 spa d
040 _aMUNICIPALIDAD PROVINCIAL DEL CUSCO
_cBIBLIOTECA MUNICIPAL DEL CUSCO
082 _a869.56 /
_bT81C
100 _aTristán, Martín
_919905
245 _aConfesiones y diálogos, o, La búsqueda /
260 _aAyacucho :
_bEdiciones Masa,
_c1983.
300 _a43 páginas ;
_c20.5 cm.
500 _aSegundo libro de una trilogía.
650 _aPoesía peruana - Siglo XX
_914083
650 _aPoetas peruanos
_91611
650 _aMartín Tristán - Poemas
_919906
942 _2ddc
_cLIBROS
945 _alccs